| 000 | 01478nam1a2200349 i 4500 | ||
|---|---|---|---|
| 001 | RU\NLR\bibl\2044373 | ||
| 005 | 20260408102522.0 | ||
| 035 | _a(NLR Aleph) 002031594 | ||
| 090 |
_a4553104 _c4553104 |
||
| 100 | _a20130618g20129999k y0rusy50 ca | ||
| 101 | 0 | _arus | |
| 102 | _aRU | ||
| 105 | _a||||z ||||| | ||
| 200 | 1 |
_aОтаровские чтения, 2010 _eсборник статей |
|
| 210 |
_aМосква _cГриф и К _cИнститут наследия _d2012 |
||
| 215 | _d21 | ||
| 300 | _aВ надзагл.: М-во культуры Рос. Федерации, Рос. НИИ культ. и природ. наследия им. Д.С. Лихачева | ||
| 463 | 0 | _10011998239 | |
| 600 | 1 |
_aОтаров _bБ.С. _f1916 - 1991 _gБорис Сергеевич _jСборники _91398169 _3RU\NLR\auth\66588222 |
|
| 606 |
_aИзобразительное искусство русское _jСборники _92088103 _3RU\NLR\auth\661264120 |
||
| 686 | _aЩ143(2Р=Рус)7-8Отаров я43 | ||
| 686 | _aЩ153(2Р=Рус)7-8Отаров я43 | ||
| 686 | _aЩ103(2Р=Рус)я43 | ||
| 702 | 1 |
_aОтаров _bБ. С. _gБорис Сергеевич _4570 |
|
| 710 | 1 | 2 |
_4070 _aОтаровские чтения _d5 _f2010 _eМосква _3RU\NLR\AUTH\8810241541 _9369006 |
| 801 | 0 |
_aRU _bNLR _c20130618 _gRCR |
|
| 801 | 1 |
_aRU _bNLR _c20130618 |
|
| 852 |
_aNLR _j2013-3/4337 |
||
| 942 | _cBOOK | ||
| 980 | _aNBR | ||